Statistics for Films to gross $1 billion

Click here to take the quiz!

General Stats

  • This quiz has been taken 28 times
  • The average score is 10 of 26

Answer Stats

HintAnswer% Correct
$2,787,965,0872009Avatar
91%
$2,186,772,3021997Titanic
86%
$1,027,044,6771999Star Wars: Episode I - The Phantom Menace
64%
$2,068,178,2252015Star Wars: The Force Awakens
64%
$1,276,480,3352013Frozen
59%
$1,341,511,2192011Harry Potter and the Deathly Hallows Part 2
55%
$1,519,557,9102012The Avengers
50%
$1,405,413,8682015Avengers: Age of Ultron
36%
$1,215,439,9942013Iron Man 3
36%
$1,029,153,8821993Jurassic Park
36%
$1,004,558,4442008The Dark Knight
36%
$1,084,939,0992012The Dark Knight Rises
32%
$1,021,103,5682012The Hobbit: An Unexpected Journey
32%
$1,063,171,9112010Toy Story 3
32%
$1,066,179,7252006Pirates of the Caribbean: Dead Man's Chest
27%
$1,045,713,8022011Pirates of the Caribbean: On Stranger Tides
27%
$116,101,0232010Alice in Wonderland
23%
$1,143,597,2612016Captain America: Civil War
23%
$1,119,929,5212003The Lord of the Rings: The Return of the King
23%
$1,104,054,0722014Transformers: Age of Extinction
23%
$1,123,794,0792011Transformers: Dark of the Moon
23%
$1,670,400,6372015Jurassic World
18%
$1,159,398,3972015Minions
18%
$1,108,561,0132012Skyfall
14%
$1,007,318,1132016Zootopia
14%
$1,516,045,9112015Furious 7
9%

Score Distribution

Percentile by Number Answered

Percent of People with Each Score

Your Score History

You have not taken this quiz